000 00624nam a2200181Ia 4500
008 090123s9999 xx 000 0 und d
082 _b38205
100 _aपांढारकर अनिल
245 _aवाटेवरल्या सावल्या
250 _a1
260 _bमधुश्री प्रकाशन
_c2005
300 _a140
600 _aपांढारकर अनिल
630 _aवाटेवरल्या सावल्या
700 _aपांढारकर अनिल
730 _aवाटेवरल्या सावल्या
942 _cBOOK
999 _c76285
_d76285